<?xml version="1.0" encoding="UTF-8"?>
<marc:record xmlns:marc="http://www.loc.gov/MARC21/slim">
   <marc:leader>00000nam a2200000 a 4500</marc:leader>
   <marc:datafield ind1="1" ind2=" " tag="100">
      <marc:subfield code="a">Ichikawa, Satomi</marc:subfield>
      <marc:subfield code="4">aut</marc:subfield>
      <marc:subfield code="e">Verfasser/-in</marc:subfield>
   </marc:datafield>
   <marc:datafield ind1=" " ind2=" " tag="653">
      <marc:subfield code="a">Afrika</marc:subfield>
   </marc:datafield>
   <marc:datafield ind1=" " ind2=" " tag="653">
      <marc:subfield code="a">Freundschaft</marc:subfield>
   </marc:datafield>
   <marc:datafield ind1=" " ind2=" " tag="653">
      <marc:subfield code="a">Junge</marc:subfield>
   </marc:datafield>
   <marc:datafield ind1=" " ind2=" " tag="653">
      <marc:subfield code="a">Bilderbuch</marc:subfield>
   </marc:datafield>
   <marc:datafield ind1=" " ind2=" " tag="653">
      <marc:subfield code="a">Beziehung</marc:subfield>
   </marc:datafield>
   <marc:datafield ind1=" " ind2=" " tag="653">
      <marc:subfield code="a">Antolin Klasse-2</marc:subfield>
   </marc:datafield>
   <marc:datafield ind1="0" ind2="0" tag="245">
      <marc:subfield code="a">Das Geheimnis des Affenbrotbaums</marc:subfield>
   </marc:datafield>
   <marc:datafield ind1=" " ind2="1" tag="264">
      <marc:subfield code="b">Moritz</marc:subfield>
      <marc:subfield code="c">2003</marc:subfield>
   </marc:datafield>
   <marc:datafield ind1="1" ind2=" " tag="520">
      <marc:subfield code="a">Mit schwerer Bananenlast wird der kleine Paa auf den Markt geschickt. Doch als er unterwegs unter einem Affenbrotbaum rastet, klagt ihm dieser, dass er großen Durst habe. Paa mobilisiert die Kinder der Gegend, um dem Baum Wasser herbei zu schleppen - doch derweil haben die Affen seine Bananen gestohlen! Paa ist verzweifelt! Was nur soll er tun? Da verrät ihm der Affenbrotbaum ein Geheimnis: Aus seinen Früchten lassen sich süße Bonbons herstellen. Paa folgt diesem Rat und nun hat er etwas, das sich in Windeseile auf dem Markt verkaufen lässt! Eine kleine, spannende Geschichte, in deren Mittelpunkt die Hilfsbereitschaft eines afrikanischen Jungen steht, mit dem sich zu identifizieren auch hiesigen Kindern nicht schwer fallen wird, denn Satomi Ichikawas Bilder transportieren die Stimmung der Geschichte leichtfüßig von einem Kontinent zum anderen.</marc:subfield>
   </marc:datafield>
   <marc:datafield ind1="3" ind2=" " tag="024">
      <marc:subfield code="a">3895651338</marc:subfield>
   </marc:datafield>
</marc:record>
